00433 a2200133 4500001001000000005001700010008004100027245008300068100001900151700002100170700002300191773006800214999001700282ART_1243020260410161906.0260409a 10aA monte carlo study of estimatiors of stochastic frontier production functions1 aSchmidt, Peter1 aOlson, Jerome A.1 aWaldman, Donald M.0 tJournal of econometricsg- Vol. 13, NÂș 1 (may. 1980)wREV11720 c26359d26359